000 00607nam a22002537a 4500
003 UA-OsUOA
001 26549
007 ta
008 20040607b un ||||| |||| 00| 0 ukr d
100 _aРубцов Н.А.
700 _aЛебедев В.А.
090 _a534
_bР82
942 _cBK
040 _aUA-OsUOA
_brus
_cUA-OsUOA
_dUA-OsUOA
245 _aГеометрические инварианті излучения
300 _a243 с.
955 _a0
041 _arus
080 _a534
260 _aНовосибирск
_c1989
044 _aRU
650 7 _2UDC
999 _c312874
_d312874